[Event "Titled Tuesday intern op 03rd Jan Late"]
[Site "Chess.com INT"]
[Date "2025.06.03"]
[Round "7"]
[White "Silva, Lucas"]
[Black "Arkell, Keith C"]
[Result "1-0"]
[WhiteElo "2227"]
[BlackElo "2342"]
[PlyCount "73"]
[EventDate "2025.06.03"]
[EventType "swiss (blitz)"]
[EventRounds "11"]
[EventCountry "USA"]
[SourceTitle "CB24_2025"]
[SourceDate "2025.06.11"]
[SourceVersion "1"]
[SourceVersionDate "2025.06.11"]
[SourceQuality "1"]

1. e4 c6 2. d4 d5 3. exd5 cxd5 4. Bd3 Nc6 5. c3 Nf6 6. h3 g6 7. Nf3 Bf5 8. Be2 Bxb1 9. Rxb1 Bg7 10. 0-0 0-0 11. Bf4 a6 12. Re1 b5 13. a3 e6 14. Bd3 Ne8 15. Qd2 Nd6 16. Bh6 Bxh6 17. Qxh6 Qf6 18. Re3 Ne7 19. g4 Qg7 20. Qf4 Nc4 21. Re2 Rfd8 22. Kg2 h6 23. h4 Nc8 24. Ne5 Nxe5 25. dxe5 Nb6 26. Rd1 Nc4 27. Bb1 g5 28. hxg5 Qxg5 29. Qg3 h5 30. gxh5 Qxg3+ 31. fxg3 Kg7 32. g4 Kh6 33. Kh3 Rg8 34. Rf1 Rg5 35. Rxf7 Rxe5 36. Kh4 Rg8 37. Rh7# 1-0

[Event "Titled Tuesday intern op 03rd Jan Late"]
[Site "Chess.com INT"]
[Date "2025.06.03"]
[Round "9"]
[White "Ugarte Soto, Cesar"]
[Black "Arkell, Keith C"]
[Result "0-1"]
[WhiteElo "2088"]
[BlackElo "2342"]
[PlyCount "132"]
[EventDate "2025.06.03"]
[EventType "swiss (blitz)"]
[EventRounds "11"]
[EventCountry "USA"]
[SourceTitle "CB24_2025"]
[SourceDate "2025.06.11"]
[SourceVersion "1"]
[SourceVersionDate "2025.06.11"]
[SourceQuality "1"]

1. d4 e6 2. Bf4 Nf6 3. e3 c5 4. c3 cxd4 5. exd4 Be7 6. Nf3 b6 7. Nbd2 0-0 8. Bd3 Ba6 9. Bxa6 Nxa6 10. 0-0 Nc7 11. Qe2 d6 12. h3 b5 13. a3 Ncd5 14. Bg3 Qb6 15. Ne4 Nxe4 16. Qxe4 Rfc8 17. Rad1 a5 18. Qd3 Qc6 19. Rc1 Qc4 20. Qe4 Qb3 21. Qb1 Qc4 22. Rfe1 h6 23. Nd2 Qc6 24. Qd3 Nf6 25. Bh4 Qd5 26. Bxf6 Bxf6 27. Qe4 Qxe4 28. Nxe4 d5 29. Nxf6+ gxf6 30. Kf1 b4 31. cxb4 axb4 32. Rxc8+ Rxc8 33. Re3 Rc1+ 34. Re1 Rc4 35. Rd1 bxa3 36. bxa3 Rc3 37. Ra1 Rd3 38. a4 Rxd4 39. a5 Rc4 40. a6 Rc8 41. Ke2 Kf8 42. a7 Ra8 43. Kf3 Ke7 44. Kg4 d4 45. Kh5 d3 46. Kxh6 d2 47. h4 d1Q 48. Rxd1 Rxa7 49. Kg7 Ra4 50. g3 Rg4+ 51. Kh6 f5 52. h5 Kf6 53. Rd7 f4 54. Rd3 fxg3 55. Rf3+ Ke7 56. Rxg3 Rf4 57. Kg5 Rxf2 58. h6 Rh2 59. Rg4 Kf8 60. Ra4 Rg2+ 61. Kh5 Ke7 62. h7 Rh2+ 63. Kg5 Rxh7 64. Ra7+ Kd6 65. Kf6 Kd5 66. Ra5+ Ke4 0-1

[Event "Jersey op-A"]
[Site "St Clement Bay"]
[Date "2025.04.11"]
[Round "8"]
[White "Rozentalis, Eduardas"]
[Black "Arkell, Keith C"]
[Result "1/2-1/2"]
[WhiteElo "2481"]
[BlackElo "2333"]
[PlyCount "111"]
[EventDate "2025.04.05"]
[EventType "swiss"]
[EventRounds "9"]
[EventCountry "GCI"]
[SourceTitle "CB16_2025"]
[SourceDate "2025.04.16"]
[SourceVersion "1"]
[SourceVersionDate "2025.04.16"]
[SourceQuality "1"]

1. e4 c6 2. Nc3 d5 3. Nf3 Bg4 4. h3 Bxf3 5. Qxf3 dxe4 6. Nxe4 Nd7 7. Qe2 e6 8. g3 Ngf6 9. Ng5 Qa5 10. Nf3 g6 11. Bg2 Bg7 12. 0-0 0-0 13. d4 Rad8 14. c3 c5 15. Re1 Rfe8 16. dxc5 Qxc5 17. Be3 Qc7 18. Rad1 a6 19. Nd4 Nb6 20. Bf4 Qc8 21. Nb3 Nbd5 22. Be5 b5 23. Na5 Re7 24. b3 Red7 25. c4 bxc4 26. bxc4 Nb4 27. Rxd7 Rxd7 28. Rb1 Qd8 29. Rxb4 Qxa5 30. Rb8+ Rd8 31. Qb2 Ne8 32. Bxg7 Nxg7 33. c5 Ne8 34. c6 Rxb8 35. Qxb8 Kf8 36. Qb7 Nc7 37. Qc8+ Kg7 38. Qd8 Qe5 39. h4 h6 40. Bf3 Qa5 41. Kg2 Qe5 42. a4 h5 43. Kh2 Qa5 44. Qd4+ Kf8 45. Bg2 Ke7 46. Qd7+ Kf8 47. Bf1 Kg7 48. Qd4+ Kg8 49. Kg1 Nd5 50. Bc4 Qxa4 51. Qc5 Nc7 52. Kg2 Qa1 53. Qd6 Qa5 54. Qd8+ Kg7 55. Qd4+ Kg8 56. Qd8+ 1/2-1/2

[Event "Jersey op-A"]
[Site "St Clement Bay"]
[Date "2025.04.10"]
[Round "7"]
[White "Arkell, Keith C"]
[Black "Clarke, Connor"]
[Result "1/2-1/2"]
[WhiteElo "2333"]
[BlackElo "2051"]
[PlyCount "123"]
[EventDate "2025.04.05"]
[EventType "swiss"]
[EventRounds "9"]
[EventCountry "GCI"]
[SourceTitle "CB16_2025"]
[SourceDate "2025.04.16"]
[SourceVersion "1"]
[SourceVersionDate "2025.04.16"]
[SourceQuality "1"]

1. Nf3 Nf6 2. c4 g6 3. g3 Bg7 4. Bg2 0-0 5. 0-0 d6 6. d4 Nc6 7. Nc3 e5 8. dxe5 Nxe5 9. b3 Nxf3+ 10. Bxf3 Bh3 11. Re1 c6 12. Be3 Qa5 13. Rc1 Rfe8 14. Qd2 Re6 15. Nd5 Qxd2 16. Nxf6+ Bxf6 17. Bxd2 a5 18. Red1 Bf5 19. Bc3 Kg7 20. g4 Be4 21. Kg2 Bxf3+ 22. Kxf3 a4 23. b4 Rae8 24. e3 Be5 25. Bxe5+ dxe5 26. Rd7 e4+ 27. Kg3 R6e7 28. Rcd1 g5 29. h4 h6 30. Rxe7 Rxe7 31. Rd8 Re5 32. c5 b6 33. cxb6 Rb5 34. a3 Rxb6 35. hxg5 hxg5 36. Rd4 Rb8 37. Rxe4 Rd8 38. Rd4 Rh8 39. Rc4 Rh1 40. Rc5 f6 41. Ra5 Rc1 42. Rxa4 c5 43. Ra7+ Kg6 44. bxc5 Rxc5 45. a4 Rc4 46. a5 Ra4 47. a6 Kh6 48. Ra8 Kg6 49. a7 Kg7 50. f4 gxf4+ 51. exf4 Ra3+ 52. Kf2 Ra2+ 53. Ke3 Ra3+ 54. Ke4 Ra4+ 55. Kf5 Ra6 56. g5 Ra5+ 57. Ke6 Ra6+ 58. Ke7 f5 59. Rd8 Rxa7+ 60. Rd7 Ra4 61. Ke6+ Kg6 62. Rd8 1/2-1/2

[Event "Jersey op-A"]
[Site "St Clement Bay"]
[Date "2025.04.09"]
[Round "6"]
[White "Mihevc Mohr, Narcisa"]
[Black "Arkell, Keith C"]
[Result "0-1"]
[WhiteElo "1940"]
[BlackElo "2333"]
[PlyCount "62"]
[EventDate "2025.04.05"]
[EventType "swiss"]
[EventRounds "9"]
[EventCountry "GCI"]
[SourceTitle "CB16_2025"]
[SourceDate "2025.04.16"]
[SourceVersion "1"]
[SourceVersionDate "2025.04.16"]
[SourceQuality "1"]

1. e4 g6 2. Nf3 Bg7 3. d4 d6 4. Nc3 c6 5. g3 b5 6. a3 a6 7. Bg2 Nd7 8. 0-0 Qc7 9. Re1 e5 10. dxe5 dxe5 11. Be3 Ngf6 12. h3 0-0 13. Qc1 Bb7 14. Nh4 c5 15. Bh6 Ne8 16. Bxg7 Kxg7 17. Qg5 f6 18. Qd2 Nb6 19. Rad1 Rf7 20. Qc1 Nd6 21. f4 Re8 22. fxe5 Rxe5 23. Nf3 Re8 24. Nd5 Nxd5 25. exd5 Rxe1+ 26. Nxe1 Nf5 27. g4 Nd4 28. Qd2 Re7 29. c3 Ne2+ 30. Kh1 Qg3 31. Nd3 Bxd5 0-1

[Event "Jersey op-A"]
[Site "St Clement Bay"]
[Date "2025.04.07"]
[Round "3"]
[White "Arkell, Keith C"]
[Black "Rudd, Jack"]
[Result "1-0"]
[WhiteElo "2333"]
[BlackElo "2276"]
[PlyCount "99"]
[EventDate "2025.04.05"]
[EventType "swiss"]
[EventRounds "9"]
[EventCountry "GCI"]
[SourceTitle "CB16_2025"]
[SourceDate "2025.04.16"]
[SourceVersion "1"]
[SourceVersionDate "2025.04.16"]
[SourceQuality "1"]

1. Nf3 Nf6 2. c4 g6 3. Nc3 Bg7 4. g3 0-0 5. Bg2 d6 6. 0-0 Nc6 7. d4 a6 8. b3 Rb8 9. Nd5 Nd7 10. Bb2 b5 11. Rc1 bxc4 12. Rxc4 Na5 13. Rc2 c6 14. Nf4 Nf6 15. Nd2 d5 16. Nd3 Bf5 17. Nf3 Rc8 18. Nfe5 Nd7 19. Nxd7 Qxd7 20. Qd2 Nb7 21. Nc5 Nxc5 22. Rxc5 Qb7 23. Rfc1 Bd7 24. Ra5 Ra8 25. e3 h5 26. h4 Bf6 27. Bf3 Rfc8 28. Ba3 Kg7 29. Bc5 Bg4 30. Bxg4 hxg4 31. Qe2 Qd7 32. Rxa6 Rxa6 33. Qxa6 g5 34. hxg5 Bxg5 35. Qd3 Rh8 36. Kg2 f5 37. Rh1 Ra8 38. a4 e6 39. Qc3 Qb7 40. Bd6 Qa6 41. Be5+ Kg6 42. Qc2 Be7 43. Rh2 Rc8 44. Qd1 Bg5 45. Bf4 Bxf4 46. gxf4 c5 47. Qh1 Qe2 48. Rh6+ Kf7 49. Rh7+ Kf6 50. Qh6# 1-0

[Event "Jersey op-A"]
[Site "St Clement Bay"]
[Date "2025.04.05"]
[Round "1"]
[White "Waddington, Mike P"]
[Black "Arkell, Keith C"]
[Result "0-1"]
[WhiteElo "1981"]
[BlackElo "2333"]
[PlyCount "66"]
[EventDate "2025.04.05"]
[EventType "swiss"]
[EventRounds "9"]
[EventCountry "GCI"]
[SourceTitle "CB16_2025"]
[SourceDate "2025.04.16"]
[SourceVersion "1"]
[SourceVersionDate "2025.04.16"]
[SourceQuality "1"]

1. e4 c6 2. d4 d5 3. exd5 cxd5 4. Bd3 Nc6 5. c3 Nf6 6. h3 g6 7. Nf3 Bf5 8. 0-0 Bxd3 9. Qxd3 Bg7 10. Bf4 0-0 11. Re1 a6 12. Nbd2 e6 13. a4 Rc8 14. b4 a5 15. b5 Ne7 16. Ne5 Nf5 17. Rab1 Nd7 18. Nxd7 Qxd7 19. Nb3 b6 20. Nd2 Nd6 21. Qg3 Rfd8 22. Bg5 Re8 23. h4 Nf5 24. Qh3 h6 25. Bf4 Qe7 26. h5 g5 27. Bh2 Qa3 28. Rb3 Qxa4 29. Qd3 Qa2 30. Reb1 a4 31. R3b2 Qa3 32. Rc2 Nxd4 33. Rcc1 Rxc3 0-1

[Event "Isle of Wight op"]
[Site "Ryde"]
[Date "2025.02.22"]
[Round "7"]
[White "Kaufman, Raymond"]
[Black "Arkell, Keith C"]
[Result "1-0"]
[WhiteElo "2178"]
[BlackElo "2329"]
[PlyCount "81"]
[EventDate "2025.02.18"]
[EventType "swiss"]
[EventRounds "9"]
[EventCountry "ENG"]
[SourceTitle "CB09_2025"]
[SourceDate "2025.02.27"]
[SourceVersion "1"]
[SourceVersionDate "2025.02.27"]
[SourceQuality "1"]

1. d4 Nf6 2. Nf3 e6 3. c4 Bb4+ 4. Bd2 Bxd2+ 5. Qxd2 d6 6. Nc3 Qe7 7. g3 0-0 8. Bg2 e5 9. 0-0 Re8 10. Rad1 c6 11. dxe5 dxe5 12. Qd6 Qxd6 13. Rxd6 Bg4 14. Rfd1 Nbd7 15. h3 Bxf3 16. Bxf3 Nb6 17. b3 Nc8 18. R6d2 g6 19. e3 Kf8 20. g4 h6 21. Kh2 a5 22. Kg3 Ne7 23. Bg2 g5 24. Ne4 Nxe4+ 25. Bxe4 Ng8 26. Rd6 Kg7 27. Bf5 Nf6 28. f3 a4 29. b4 a3 30. b5 cxb5 31. cxb5 Ra4 32. Rb6 Re7 33. Rdd6 Ng8 34. Be4 Rc7 35. Rxb7 Rxb7 36. Bxb7 Rb4 37. b6 Rb2 38. Bd5 Ne7 39. Bb3 Ng6 40. h4 Nxh4 41. b7 1-0

[Event "Isle of Wight blitz op1"]
[Site "Isle of Wight"]
[Date "2025.02.19"]
[Round "5"]
[White "Arkell, Keith C"]
[Black "Elgar, Tim"]
[Result "1-0"]
[WhiteElo "2281"]
[BlackElo "2064"]
[PlyCount "86"]
[EventDate "2025.02.19"]
[EventType "swiss (blitz)"]
[EventRounds "7"]
[EventCountry "ENG"]
[SourceTitle "CB08_2025"]
[SourceDate "2025.02.19"]
[SourceVersion "1"]
[SourceVersionDate "2025.02.19"]
[SourceQuality "1"]

1. d4 Nf6 2. Nf3 g6 3. c4 Bg7 4. Nc3 0-0 5. g3 d6 6. Bg2 c5 7. dxc5 dxc5 8. 0-0 Nc6 9. Bf4 Nh5 10. Be3 b6 11. Qc1 Bb7 12. Bh6 e6 13. Bxg7 Nxg7 14. Rd1 Qe7 15. Qh6 Nf5 16. Qf4 Ncd4 17. Nxd4 Nxd4 18. Rd2 e5 19. Qe3 Nf5 20. Qd3 Rad8 21. Nd5 Bxd5 22. Bxd5 Rfe8 23. e3 e4 24. Qc3 Qg5 25. Rad1 Nh4 26. Bxe4 Rxd2 27. Qxd2 Rxe4 28. Qd8+ Qxd8 29. Rxd8+ Kg7 30. gxh4 Rxc4 31. Ra8 a5 32. Rb8 Rb4 33. b3 Kf6 34. Rb7 Ke6 35. Kg2 Kd6 36. Rxf7 Rxh4 37. Rf6+ Kc7 38. Kg3 g5 39. f3 a4 40. e4 b5 41. bxa4 b4 42. a5 c4 43. Rb6 Rf4 1-0

[Event "Isle of Wight op"]
[Site "Ryde"]
[Date "2025.02.18"]
[Round "2"]
[White "Wilks, Simon"]
[Black "Arkell, Keith C"]
[Result "0-1"]
[WhiteElo "2089"]
[BlackElo "2329"]
[PlyCount "90"]
[EventDate "2025.02.18"]
[EventType "swiss"]
[EventRounds "9"]
[EventCountry "ENG"]
[SourceTitle "CB09_2025"]
[SourceDate "2025.02.27"]
[SourceVersion "1"]
[SourceVersionDate "2025.02.27"]
[SourceQuality "1"]

1. e4 d5 2. exd5 Qxd5 3. Nc3 Qd8 4. d4 Nf6 5. Nf3 Bg4 6. h3 Bxf3 7. Qxf3 c6 8. Be3 Nbd7 9. 0-0-0 e6 10. Bd3 Bb4 11. Ne4 Nxe4 12. Bxe4 Nf6 13. Bg5 Be7 14. Kb1 Nxe4 15. Bxe7 Qxe7 16. Qxe4 0-0 17. Rd3 Rfd8 18. Rhd1 Rd7 19. a3 Rad8 20. f4 Qf6 21. g4 h6 22. c3 Rd5 23. Kc2 b5 24. Rf1 a5 25. Rf2 b4 26. axb4 axb4 27. Rdf3 bxc3 28. Rxc3 Rxd4 29. Qxc6 Rxf4 30. Rxf4 Qxf4 31. Kb1 Qd2 32. Ka2 Rb8 33. Rb3 Qa5+ 34. Ra3 Qb4 35. Qc3 Qxc3 36. Rxc3 f5 37. gxf5 exf5 38. Ka3 Kf7 39. b4 Ke6 40. Ka4 f4 41. Rc7 f3 42. Rc3 Rf8 43. Rc1 f2 44. Rf1 Kd5 45. Kb3 Kd4 0-1

[Event "Blackpool op 48th"]
[Site "Blackpool"]
[Date "2025.02.09"]
[Round "5"]
[White "Arkell, Keith C"]
[Black "Vaidyanathan, Adithya"]
[Result "1/2-1/2"]
[WhiteElo "2329"]
[BlackElo "1872"]
[PlyCount "136"]
[EventDate "2025.02.07"]
[EventType "swiss"]
[EventRounds "5"]
[EventCountry "ENG"]
[SourceTitle "CB07_2025"]
[SourceDate "2025.02.12"]
[SourceVersion "1"]
[SourceVersionDate "2025.02.12"]
[SourceQuality "1"]

1. d4 Nf6 2. Nf3 g6 3. c4 c5 4. Nc3 cxd4 5. Nxd4 Nc6 6. g3 Bg7 7. Bg2 0-0 8. 0-0 Qa5 9. Nb3 Qh5 10. e4 d6 11. Qxh5 Nxh5 12. c5 dxc5 13. Nxc5 Rb8 14. Rd1 b6 15. Nd7 Bxd7 16. Rxd7 Rfd8 17. Rxd8+ Rxd8 18. Be3 Nb4 19. Rc1 Rc8 20. Bf1 e6 21. a3 Nc6 22. Ba6 Rd8 23. b4 Nd4 24. Kg2 Nb3 25. Rc2 Na1 26. Rd2 Rxd2 27. Bxd2 Nb3 28. Be1 Nd4 29. Nb5 Nxb5 30. Bxb5 Bd4 31. Kf3 Kf8 32. Ke2 Ke7 33. Kd3 e5 34. Bc4 Nf6 35. f4 Ng4 36. fxe5 Bb2 37. Kc2 Nxe5 38. Kxb2 Nxc4+ 39. Kb3 b5 40. a4 a6 41. Kc3 Kd6 42. axb5 axb5 43. Kd3 Ne5+ 44. Ke2 Ng4 45. h3 Ne5 46. Bc3 Ke6 47. Ke3 Nc6 48. Kf4 f6 49. g4 Ne7 50. h4 h5 51. gxh5 gxh5 52. Be1 Ng6+ 53. Ke3 Ne5 54. Ke2 Ng6 55. Bg3 Ne5 56. Kd2 Nc6 57. Kc3 Ke7 58. Be1 Kd7 59. Kd3 Ne5+ 60. Ke2 Ke7 61. Bg3 Kd7 62. Ke3 Nc6 63. Be1 Kd6 64. Bc3 Ke6 65. Kf4 Ne7 66. Be1 Ng6+ 67. Ke3 Ne5 68. Bc3 Nc6 1/2-1/2

[Event "Cheadle op 1st"]
[Site "Cheadle"]
[Date "2025.02.05"]
[Round "4"]
[White "Arkell, Keith C"]
[Black "Caldwell, Susan Linda"]
[Result "1-0"]
[WhiteElo "2329"]
[BlackElo "2150"]
[PlyCount "81"]
[EventDate "2025.02.04"]
[EventType "swiss"]
[EventRounds "6"]
[EventCountry "ENG"]
[SourceTitle "CB07_2025"]
[SourceDate "2025.02.12"]
[SourceVersion "1"]
[SourceVersionDate "2025.02.12"]
[SourceQuality "1"]

1. d4 d6 2. Nf3 Nf6 3. c4 g6 4. Nc3 Bf5 5. d5 a5 6. Nd4 Bd7 7. e4 e5 8. dxe6 fxe6 9. Be2 Bg7 10. h4 c6 11. h5 e5 12. Nf3 Nxh5 13. Qxd6 Bg4 14. Qxd8+ Kxd8 15. Ng5 Bxe2 16. Ne6+ Ke7 17. Nxg7 Nxg7 18. Nxe2 Nd7 19. Be3 Ne6 20. 0-0-0 h5 21. Kb1 Ndc5 22. f3 Rad8 23. Kc2 Rxd1 24. Rxd1 Rd8 25. Rxd8 Kxd8 26. Bd2 b6 27. Bc3 Nd7 28. Kd2 Ke8 29. Ke3 Kf7 30. Nc1 h4 31. Nd3 Nf4 32. Nxf4 exf4+ 33. Kxf4 a4 34. Kg4 b5 35. cxb5 cxb5 36. Kxh4 Nc5 37. Kg5 Nd3 38. a3 Nc5 39. Kf4 Ne6+ 40. Ke3 g5 41. g3 1-0

[Event "Cheadle op 1st"]
[Site "Cheadle"]
[Date "2025.02.04"]
[Round "1"]
[White "Nyamandi, Langutani Lucas"]
[Black "Arkell, Keith C"]
[Result "0-1"]
[WhiteElo "1594"]
[BlackElo "2329"]
[PlyCount "66"]
[EventDate "2025.02.04"]
[EventType "swiss"]
[EventRounds "6"]
[EventCountry "ENG"]
[SourceTitle "CB07_2025"]
[SourceDate "2025.02.12"]
[SourceVersion "1"]
[SourceVersionDate "2025.02.12"]
[SourceQuality "1"]

1. e4 c6 2. d4 d5 3. e5 Qc7 4. Bf4 Bf5 5. g4 Bg6 6. h4 h5 7. Bh3 e6 8. Ne2 hxg4 9. Bxg4 Nh6 10. Bf3 Nf5 11. h5 Bh7 12. Nd2 Be7 13. c3 Nd7 14. Qb3 Nh4 15. Bg4 Ng2+ 16. Kf1 Nxf4 17. Nxf4 Bg5 18. Nxe6 fxe6 19. Nf3 Bh6 20. Bxe6 Rf8 21. Nh4 Be4 22. Rh3 Nb6 23. Kg1 Qe7 24. Bg4 Qg5 25. Qd1 Rf4 26. f3 Rxf3 27. Rxf3 Qxg4+ 28. Ng2 Bxf3 29. Qc2 0-0-0 30. Qg6 Bg5 31. Qc2 Be3+ 32. Kf1 Bxg2+ 33. Qxg2 Rf8+ 0-1

[Event "Sitges Sunway op-A 11th"]
[Site "Sitges"]
[Date "2024.12.21"]
[Round "9"]
[White "Arkell, Keith C"]
[Black "Ivanchuk, Vassily"]
[Result "1/2-1/2"]
[WhiteElo "2355"]
[BlackElo "2630"]
[PlyCount "74"]
[EventDate "2024.12.12"]
[EventType "swiss"]
[EventRounds "10"]
[EventCountry "ESP"]
[SourceTitle "CB52_2024"]
[SourceDate "2024.12.25"]
[SourceVersion "1"]
[SourceVersionDate "2024.12.25"]
[SourceQuality "1"]

1. d4 Nf6 2. Nf3 e6 3. c3 b6 4. Bg5 h6 5. Bh4 d6 6. Nbd2 Bb7 7. e3 Nbd7 8. h3 g6 9. Bd3 Bg7 10. Qe2 a6 11. Be4 c6 12. Bc2 Qc7 13. Bg3 c5 14. Nc4 Bf8 15. a4 Be7 16. 0-0 0-0 17. Bd3 b5 18. axb5 axb5 19. Ncd2 c4 20. Bc2 e5 21. e4 Rfe8 22. Qe3 Bf8 23. Rfc1 Qb6 24. Rxa8 Bxa8 25. Re1 Bb7 26. dxe5 Qxe3 27. Rxe3 dxe5 28. Re1 Bd6 29. Rd1 Bb8 30. Nh2 Nh5 31. Nxc4 bxc4 32. Rxd7 Bc6 33. Rd1 Nxg3 34. fxg3 Ba7+ 35. Kf1 Rb8 36. Rb1 Rb5 37. Nf3 Ra5 1/2-1/2

[Event "Sitges Sunway op-A 11th"]
[Site "Sitges"]
[Date "2024.12.18"]
[Round "6"]
[White "Srijak, Sengupta"]
[Black "Arkell, Keith C"]
[Result "0-1"]
[WhiteElo "2112"]
[BlackElo "2355"]
[PlyCount "89"]
[EventDate "2024.12.12"]
[EventType "swiss"]
[EventRounds "10"]
[EventCountry "ESP"]
[SourceTitle "CB52_2024"]
[SourceDate "2024.12.25"]
[SourceVersion "1"]
[SourceVersionDate "2024.12.25"]
[SourceQuality "1"]

1. Nf3 d6 2. g3 e5 3. d3 g6 4. Bg2 Bg7 5. 0-0 Ne7 6. c4 0-0 7. Nc3 c5 8. Ne1 Nbc6 9. Nc2 Rb8 10. Ne3 Nd4 11. Ned5 Nxd5 12. Nxd5 b5 13. e3 Nf5 14. b3 Ne7 15. Nxe7+ Qxe7 16. Bb2 a5 17. cxb5 Rxb5 18. Bc3 Be6 19. d4 cxd4 20. exd4 Qa7 21. Bc6 Rb6 22. d5 Bh3 23. Re1 Rxc6 24. dxc6 Qc5 25. Rc1 Qxc6 26. f3 Qb6+ 27. Kh1 Qf2 28. Rg1 Rc8 29. Be1 Qb6 30. Rxc8+ Bxc8 31. Rg2 Bb7 32. Qd3 d5 33. Rd2 d4 34. Rc2 Qe6 35. Bxa5 h5 36. Rc7 Bd5 37. Qb5 Bxf3+ 38. Kg1 Bh6 39. Qd7 Be3+ 40. Kf1 Qa6+ 41. Rc4 Qxa5 42. Qe8+ Kg7 43. b4 Qxa2 44. Qxe5+ Kh7 45. Qd6 0-1

[Event "Benidorm Bali op-A 21st"]
[Site "Benidorm"]
[Date "2024.12.05"]
[Round "9"]
[White "Gales, Randi Ioan"]
[Black "Arkell, Keith C"]
[Result "0-1"]
[WhiteElo "2206"]
[BlackElo "2359"]
[PlyCount "110"]
[EventDate "2024.11.29"]
[EventType "swiss"]
[EventRounds "9"]
[EventCountry "ESP"]
[SourceTitle "CB50_2024"]
[SourceDate "2024.11.01"]
[SourceVersion "1"]
[SourceVersionDate "2024.11.01"]
[SourceQuality "2"]

1. d4 Nf6 2. c4 c5 3. d5 e5 4. Nc3 d6 5. e4 g6 6. h3 Bg7 7. Be3 Na6 8. Nf3 Nc7 9. Be2 Nh5 10. g3 Bd7 11. Nd2 Nf6 12. g4 Rb8 13. a4 0-0 14. g5 Nfe8 15. h4 f5 16. f3 f4 17. Bf2 h6 18. Rg1 hxg5 19. hxg5 Kf7 20. Bd3 Na6 21. Na2 Rh8 22. Ke2 Rh5 23. Qc2 Bf8 24. Qc3 Be7 25. b4 b6 26. b5 Nac7 27. Rh1 Ng7 28. Rag1 Bxg5 29. Qc1 Qf6 30. Nf1 Rbh8 31. Rxh5 Rxh5 32. a5 Bh4 33. axb6 axb6 34. Rg2 Bxf2 35. Rxf2 Rh8 36. Nc3 Ra8 37. Ke1 Qh4 38. Qd2 Nh5 39. Kd1 Ne8 40. Kc2 Qd8 41. Kb3 Ra5 42. Qe1 Qa8 43. Ra2 Rxa2 44. Nxa2 Nef6 45. Qc1 Bh3 46. Nc3 Qa5 47. Qa3 Qxa3+ 48. Kxa3 g5 49. Na4 Nd7 50. Nh2 Nhf6 51. Kb2 Kg6 52. Kc2 Kh5 53. Nc3 Kh4 54. Ne2 Bg2 55. Ng1 Kg3 0-1

[Event "Benidorm Bali op-A 21st"]
[Site "Benidorm"]
[Date "2024.12.04"]
[Round "8"]
[White "Arkell, Keith C"]
[Black "Sgircea, Silvia Raluca"]
[Result "1/2-1/2"]
[WhiteElo "2359"]
[BlackElo "2221"]
[PlyCount "219"]
[EventDate "2024.11.29"]
[EventType "swiss"]
[EventRounds "9"]
[EventCountry "ESP"]
[SourceTitle "CB50_2024"]
[SourceDate "2024.11.01"]
[SourceVersion "1"]
[SourceVersionDate "2024.11.01"]
[SourceQuality "2"]

1. Nf3 c5 2. g3 g6 3. Bg2 Bg7 4. 0-0 Nc6 5. c4 d6 6. Nc3 e6 7. e3 Nge7 8. d4 0-0 9. Rb1 Rb8 10. a3 b6 11. b4 Bb7 12. Qd3 cxb4 13. axb4 a5 14. Ba3 axb4 15. Bxb4 Ba6 16. Ba3 d5 17. Nb5 dxc4 18. Qc2 Qd7 19. Rfd1 Bxb5 20. Rxb5 Na7 21. Rb2 Rfc8 22. Ne5 Qc7 23. Qxc4 Qxc4 24. Nxc4 Rxc4 25. Bxe7 Bf8 26. Bxf8 Kxf8 27. Rdb1 Nc8 28. Bf1 Rc6 29. Bb5 Rd6 30. Kg2 h5 31. Kf3 Na7 32. Be2 Ke7 33. Kf4 Nc8 34. Rc1 Kf6 35. h4 Ne7 36. Kf3 Rd7 37. Bb5 Ra7 38. Rcb1 Rc7 39. Bd3 Rc6 40. Ra1 Nc8 41. Bb5 Rc7 42. Rab1 Ne7 43. Ba6 Rc6 44. Rb3 Kg7 45. Bd3 Nc8 46. Bb5 Rd6 47. Rc3 Ne7 48. Ra1 Rd5 49. Rc7 Rf5+ 50. Ke2 Nd5 51. Rcc1 Nf4+ 52. gxf4 Rxb5 53. Ra7 Ra5 54. Rd7 Rba8 55. Rb7 R8a6 56. Rcc7 Rf5 57. Kf3 b5 58. Kg3 Ra1 59. Re7 Kf8 60. Rec7 Rg1+ 61. Kh2 Rg4 62. Kh3 Rg1 63. Rb8+ Kg7 64. Rcb7 Rb1 65. Kg2 Rb2 66. Re8 Rf6 67. Kg3 Rb3 68. Ree7 Kf8 69. Rec7 Rf5 70. Rc8+ Kg7 71. Rbb8 Rd5 72. Rg8+ Kh7 73. Kg2 Rf5 74. Rge8 Kg7 75. Rb7 Rf6 76. Kf3 Rb1 77. Kg3 Rg1+ 78. Kh2 Rb1 79. Rc8 Rf5 80. Rc6 Kg8 81. Kg2 Rb2 82. Kg3 Rb3 83. Ra6 Rc3 84. Ra2 Rb3 85. Kf3 Rb1 86. Kg2 Rb3 87. Kg3 Kg7 88. Rc2 Kg8 89. Rd7 Kg7 90. Rdc7 Rd5 91. Kg2 Rf5 92. Rd7 Kg8 93. Rd8+ Kg7 94. Rcc8 Rb2 95. Rg8+ Kh7 96. Rge8 Kg7 97. Rc7 Rf6 98. Rb7 Rb3 99. Rb6 Rf5 100. Re7 Kf8 101. Reb7 Kg8 102. Rd7 Kf8 103. Rc7 Kg8 104. Kf3 Kf8 105. Rb8+ Kg7 106. Re8 Rf6 107. Rb7 Rb2 108. Ree7 Kf8 109. Red7 Rf5 110. Rdc7 1/2-1/2

[Event "Benidorm Bali op-A 21st"]
[Site "Benidorm"]
[Date "2024.12.03"]
[Round "7"]
[White "Rog, Bartlomiej"]
[Black "Arkell, Keith C"]
[Result "1/2-1/2"]
[WhiteElo "2244"]
[BlackElo "2359"]
[PlyCount "31"]
[EventDate "2024.11.29"]
[EventType "swiss"]
[EventRounds "9"]
[EventCountry "ESP"]
[SourceTitle "CB50_2024"]
[SourceDate "2024.11.01"]
[SourceVersion "1"]
[SourceVersionDate "2024.11.01"]
[SourceQuality "2"]

1. e4 e6 2. d4 d5 3. exd5 exd5 4. Bd3 Nc6 5. c3 Nf6 6. Nf3 Bg4 7. 0-0 Be7 8. Re1 0-0 9. Bg5 h6 10. Bh4 Nh5 11. h3 Be6 12. Bxe7 Nxe7 13. Qd2 Qd6 14. Re5 Nf6 15. Qe2 Rae8 16. Nbd2 1/2-1/2

[Event "BCF-chT 2425 (4NCL)"]
[Site "England"]
[Date "2024.11.24"]
[Round "2.21"]
[White "Arkell, Keith C"]
[Black "Erdos, Viktor"]
[Result "1/2-1/2"]
[WhiteElo "2359"]
[BlackElo "2533"]
[PlyCount "42"]
[EventDate "2024.11.23"]
[EventType "team-swiss"]
[EventRounds "11"]
[EventCountry "ENG"]
[SourceTitle "CB48_2024"]
[SourceDate "2024.11.28"]
[SourceVersion "1"]
[SourceVersionDate "2024.11.28"]
[SourceQuality "1"]
[WhiteTeam "Cheddleton"]
[BlackTeam "Manx Liberty"]
[WhiteTeamCountry "ENG"]
[BlackTeamCountry "ENG"]

1. d4 Nf6 2. Nf3 d5 3. c4 e6 4. Nc3 c6 5. cxd5 exd5 6. Qc2 Be7 7. Bg5 g6 8. e3 Bf5 9. Bd3 Bxd3 10. Qxd3 Nbd7 11. Bh6 Ng4 12. Bf4 Ngf6 13. Bh6 Bf8 14. Bxf8 Kxf8 15. 0-0 Qe7 16. b4 Kg7 17. b5 Rhc8 18. Rab1 c5 19. dxc5 Rxc5 20. Rfc1 Rac8 21. Ne2 Rxc1+ 1/2-1/2

[Event "Altea Cap Negret op 50+ 2nd"]
[Site "Altea"]
[Date "2024.11.10"]
[Round "3"]
[White "Arkell, Keith C"]
[Black "Callier, Christophe"]
[Result "1-0"]
[WhiteElo "2359"]
[BlackElo "1972"]
[PlyCount "67"]
[EventDate "2024.11.08"]
[EventType "swiss"]
[EventRounds "9"]
[EventCountry "ESP"]
[SourceTitle "CB47_2024"]
[SourceDate "2024.11.20"]
[SourceVersion "1"]
[SourceVersionDate "2024.11.20"]
[SourceQuality "1"]

1. d4 Nf6 2. Nf3 g6 3. c4 Bg7 4. g3 c5 5. Bg2 cxd4 6. Nxd4 0-0 7. 0-0 d5 8. cxd5 Nxd5 9. Nc3 Nxc3 10. bxc3 Qa5 11. Qb3 Nc6 12. e3 e5 13. Nxc6 bxc6 14. Bxc6 Be6 15. Qa3 Qc7 16. Bxa8 Rxa8 17. e4 Bf8 18. Qb2 Rb8 19. Qc2 f5 20. Re1 fxe4 21. Qxe4 Qxc3 22. Bg5 Rb4 23. Qa8 Qb2 24. Bh6 Rb8 25. Qc6 Bxa2 26. Be3 a5 27. Red1 a4 28. Ba7 Rb4 29. Rac1 Qe2 30. Re1 Qb5 31. Qc8 Qb7 32. Rc7 Qxc8 33. Rxc8 Be6 34. Rxf8+ 1-0